000 00929cab a2200277 4500
001 ABS53912
008 090401t1995 xxu||||| |||| 00| 0 eng d
035 _a(Sirsi) u7356
041 _aeng
100 _aSouthern, D.
245 _aTax subsidised investments
260 _c1995
350 _a0
490 _aTaxation
_v136(3528) 2 November 1995, 102-106(5)
520 _aExamines tax advantages of property investments, looking in detail at Enterprise Zone Property Unit Trusts (EZPUTs), Venture Capital Trusts and Enterprise Investment Schemes.
650 _aENTERPRISE INVESTMENT SCHEMES
650 _aENTERPRISE ZONE PROPERTY UNIT TRUSTS
650 _aFINANCE ACT 1994
650 _aTAX PLANNING
650 _aVENTURE CAPITAL TRUSTS
690 _aPROPERTY-COMMERCIAL PROPERTY-COMMERCIAL PROPERTY FINANCE AND INVESTMENT
690 _aTAXATION
700 _aStenson, G.
942 _n0
948 _c04/03/1997
999 _c4435
_d4435